Die 10 reichsten Länder Asiens - Statistiken

Allgemein
  • Dieses Quiz wurde 590 mal gespielt
  • Das Durchschnittsergebnis liegt bei 8 aus 10
Antwortstatistiken
BIP in $ Länder % Korrekt
13 119 M $ China
99%
5093 M $ Japan
98%
2654 M $ Indien
95%
1597 M $ Südkorea
93%
708 M $ Saudi-Arabien
86%
1092 M $ Indonesien
82%
467 M $ Thailand
79%
401 M $ Vereinigte Arabische Emirate
73%
906 M $ Türkei
68%
588 M $ Taiwan
60%
Keine übereinstimmenden Quizze gefunden
Verteilung der Resultate
Anzahl Personen mit jedem Resultat
Perzentil nach korrekt beantworteten Fragen
Ihre Resultats-Entwicklung
Sie haben dieses Quiz noch nicht gespielt